Statystyki dla Złodziej Samogłosek -Państwa Świata

Kliknij tutaj aby rozwiązać quiz!

Ogólne statystyki

  • Ten quiz został rozwiązany 241 razy
  • Średni wynik to 25 z 40

Statystyki odpowiedzi

Nazwa państwa bez samogłosekNazwa państwa% Poprawnych
JPNJaponia
99%
KNDKanada
89%
GRCJGrecja
84%
TJLNDTajlandia
82%
BLGBelgia
81%
NRWGNorwegia
81%
PNMPanama
80%
MDGSKRMadagaskar
78%
PKSTNPakistan
78%
SZWJCRSzwajcaria
78%
SNGPRSingapur
77%
PRGWJParagwaj
76%
CPRCypr
74%
MNGLMongolia
74%
PRTGLPortugalia
74%
NWZLNDNowa Zelandia
73%
WNZLWenezuela
73%
JMNJemen
72%
TNZNTanzania
71%
FGNSTNAfganistan
69%
RMNRumunia
69%
KMRNKamerun
64%
BRKNFSBurkina Faso
63%
DMNKNDominikana
63%
PPNWGWNPapua-Nowa Gwinea
62%
BTSWBotswana
61%
MKSKMeksyk
61%
NDNZJIndonezja
56%
SNMRNSan Marino
54%
RGNTNArgentyna
49%
KRBTKiribati
48%
KRPLDNWKorea Południowa
44%
SDNPLDNWSudan Południowy
43%
ZRLIzrael
41%
NRNauru
41%
RBSDJSKArabia Saudyjska
39%
STRAustria
37%
MRTNMauretania
32%
TPEtiopia
24%
KRNUkraina
17%

Rozkład punktacji

Percentyl według liczby udzielonych odpowiedzi

Procent ludzi z każdym wynikiem

Twoja historia wyników

Nie rozwiązałeś tego quizu